LA PRACTICA EDUCATIVA UNIVERSITARIA. CRITICA Y ALTERNATIVA /

INCLUYE BIBLIOGRAFIA

Uloženo v:
Podrobná bibliografie
Další autoři: Hidalgo San Martín, Alfredo (coordinación) (coordinación), Donath de la Peña, Lizzette (autor) (autor)
Médium: Kniha
Edice:FUNDAMENTOS
Témata:
Tagy: Přidat tag
Žádné tagy, Buďte první, kdo vytvoří štítek k tomuto záznamu!

MARC

LEADER 00000nam^a2200000^a^4500
001 000234168
005 20250521000000.0
009 20260310104715.626
020 |a 968-895-113-7 
035 |a 057466 
037 |a Acervo Xavier Clavigero 
082 |a 378. 72  |b PRA 
245 1 3 |a LA PRACTICA EDUCATIVA UNIVERSITARIA. CRITICA Y ALTERNATIVA /  |c LIZZETTE DONATH DE LA PEÑA ... [ET AL.] ; COORD. ALFREDO HIDALGO SAN MARTIN 
264 |a Guadalajara, México :  |b U DE G,  |c 1989 
300 |a 175 p. 
336 |a texto  |b txt  |2 rdacontenido 
337 |a sin mediación  |b n  |2 rdamedio 
338 |a volumen  |b nc  |2 rdasoporte 
440 |a FUNDAMENTOS 
520 |a INCLUYE BIBLIOGRAFIA 
649 |a XX 
650 |a UNIVERSIDADES Y COLEGIOS -  |x MEXICO 
650 |a Educación Superior 
700 |a Hidalgo San Martín, Alfredo  |e (coordinación) 
700 |a Donath de la Peña, Lizzette  |e (autor) 
910 |a Fondo General 
920 |a Impresos - Libros 
930 |a Colección General 
905 |a 101 
901 |a 057466  |b IT1  |c ACC  |i 057466  |u 20250521 
902 |a https://opac.biblio.iteso.mx/vufind/Record/000234168